000 00745cab a2200229 4500
001 X3844
008 090401t1996 xxu||||| |||| 00| 0 eng d
035 _a(Sirsi) u33317
041 _aeng
245 _aAldridge Estates Investments Ltd v McCarthy and others
260 _c1996
350 _a0
490 _aConstruction Industry Law Letter
_v[1996] CILL 1200-1201(2)
520 _aQBD 29 October 1996. Avoidance for non disclosure - fact may be material even if its effect on terms of cover is de minimis.
650 _aALDRIDGE ESTATES INVESTMENTS LTD V MCCARTHY AND OTHERS
650 _aDE MINIMIS
650 _aINSURANCE POLICY
650 _aNON-DISCLOSURE
690 _aINSURANCE-CASE LAW
942 _n0
948 _c04/03/1997
999 _c22268
_d22268